| 000 | 00314nam a2200109Ia 4500 | ||
|---|---|---|---|
| 005 | 20251222143230.0 | ||
| 008 | 251222s9999||||xx |||||||||||||| ||spa|| | ||
| 082 | _a278.4/C76 | ||
| 245 | 0 | _aIdentidad y Misión de los Institutos Seculares Hoy | |
| 264 | _bConferencia Española de Institutos Secuelares | ||
| 942 | _cLIB | ||
| 999 |
_c14152 _d14152 |
||